[Event "Ricany op"]
[Site "Ricany"]
[Date "2024.07.01"]
[Round "4"]
[White "Soukup, Alexandr"]
[Black "Meca, Viktor1"]
[Result "0-1"]
[WhiteElo "1527"]
[BlackElo "1786"]
[PlyCount "58"]
[EventDate "2024.06.29"]
[EventType "swiss"]
[EventRounds "9"]
[EventCountry "CZE"]
[SourceTitle "CB28_2024"]
[SourceDate "2024.07.10"]
[SourceVersion "1"]
[SourceVersionDate "2024.07.10"]
[SourceQuality "1"]

1. b3 e5 2. Bb2 Nc6 3. e3 d5 4. Bb5 Bd6 5. Ne2 a6 6. Bxc6+ bxc6 7. d4 e4 8. Ba3 Bxa3 9. Nxa3 Qd6 10. Nb1 f5 11. Nd2 g5 12. h4 f4 13. hxg5 fxe3 14. fxe3 Bg4 15. Rh4 h5 16. Qc1 Bxe2 17. Kxe2 Qg3 18. Qh1 Ne7 19. Rf1 Ng6 20. Rxh5 Qg4+ 21. Ke1 Rxh5 22. Qg1 Nh4 23. g3 Nf5 24. Qf2 Rxg5 25. Rh1 0-0-0 26. Nf1 Qf3 27. Rh3 Qxf2+ 28. Kxf2 Rf8 29. Ke2 Ng7 0-1